The practice of qualitative research / (Record no. 20954)
[ view plain ]
| 000 -LEADER | |
|---|---|
| fixed length control field | 01402cam a22003015a 4500 |
| 001 - CONTROL NUMBER | |
| control field | 15980739 |
| 005 - DATE AND TIME OF LATEST TRANSACTION | |
| control field | 20201128023609.0 |
| 008 - FIXED-LENGTH DATA ELEMENTS--GENERAL INFORMATION | |
| fixed length control field | 091112t2011 caua frb 001 0 eng d |
| 010 ## - LIBRARY OF CONGRESS CONTROL NUMBER | |
| LC control number | 2009047929 |
| 020 ## - INTERNATIONAL STANDARD BOOK NUMBER | |
| International Standard Book Number | 9781412974578 (pbk.) |
| 040 ## - CATALOGING SOURCE | |
| Original cataloging agency | DLC |
| Transcribing agency | DLC |
| Modifying agency | BTCTA |
| -- | YDXCP |
| -- | C#P |
| -- | BWX |
| -- | CDX |
| -- | DLC |
| -- | EG-ScBUE |
| Language of cataloging | eng |
| 082 04 - DEWEY DECIMAL CLASSIFICATION NUMBER | |
| Classification number | 001.42 |
| Edition number | 22 |
| Item number | HES |
| 100 1# - MAIN ENTRY--PERSONAL NAME | |
| Personal name | Hesse-Biber, Sharlene Nagy. |
| 9 (RLIN) | 38554 |
| 245 14 - TITLE STATEMENT | |
| Title | The practice of qualitative research / |
| Statement of responsibility, etc | Sharlene Nagy Hesse-Biber, Patricia Leavy. |
| 250 ## - EDITION STATEMENT | |
| Edition statement | 2nd ed. |
| 260 ## - PUBLICATION, DISTRIBUTION, ETC. (IMPRINT) | |
| Place of publication, distribution, etc | Thousand Oaks : |
| Name of publisher, distributor, etc | SAGE, |
| Date of publication, distribution, etc | c.2011. |
| 300 ## - PHYSICAL DESCRIPTION | |
| Extent | xx, 400 p. : |
| Other physical details | ill. ; |
| Dimensions | 26 cm. |
| 500 ## - GENERAL NOTE | |
| General note | Index : p. 383-400. |
| 504 ## - BIBLIOGRAPHY, ETC. NOTE | |
| Bibliography, etc | Bibliography : p. 365-381. |
| 505 0# - FORMATTED CONTENTS NOTE | |
| Formatted contents note | An invitation to qualitative research -- Approaches to qualitative research -- Designing qualitative approaches to research -- The ethics of social research -- In-depth interview -- Oral history -- Focus group interviews -- Ethnography -- Content analysis and unobtrusive methods -- Case study -- Mixed methods research -- Analysis and interpretation of qualitative data -- The writing and representation of qualitative research -- The research nexus. |
| 650 #7 - SUBJECT ADDED ENTRY--TOPICAL TERM | |
| Topical term or geographic name as entry element | Social sciences |
| General subdivision | Research. |
| Source of heading or term | BUEsh |
| 9 (RLIN) | 775 |
| 650 #7 - SUBJECT ADDED ENTRY--TOPICAL TERM | |
| Topical term or geographic name as entry element | Qualitative research. |
| Source of heading or term | BUEsh |
| 9 (RLIN) | 12337 |
| 651 ## - SUBJECT ADDED ENTRY--GEOGRAPHIC NAME | |
| Source of heading or term | BUEsh |
| 653 ## - INDEX TERM--UNCONTROLLED | |
| Resource For college | BAEPS, Political Science |
| Arrived date list | October2015 |
| 655 ## - INDEX TERM--GENRE/FORM | |
| Form subdivision | Text book |
| -- | 33728 |
| 700 1# - ADDED ENTRY--PERSONAL NAME | |
| Personal name | Leavy, Patricia, |
| Dates associated with a name | 1975- |
| 942 ## - ADDED ENTRY ELEMENTS (KOHA) | |
| Source of classification or shelving scheme | Dewey Decimal Classification |
| Withdrawn status | Item status | Source of classification or shelving scheme | Damaged status | Not for loan | Vendor | Home library | Current library | Shelving location | Date acquired | Source of acquisition | Total Checkouts | Full call number | Barcode | Date last seen | Koha item type | Date last borrowed |
|---|---|---|---|---|---|---|---|---|---|---|---|---|---|---|---|---|
| Dewey Decimal Classification | Baccah | Central Library | Central Library | Lower Floor | 22/10/2015 | Purchase | 001.42 HES | 000031102 | 15/07/2025 | NB - Book (Non borrowing) | ||||||
| Dewey Decimal Classification | Baccah | Central Library | Central Library | Lower Floor | 22/10/2015 | Purchase | 001.42 HES | 000031103 | 15/07/2025 | Book - Borrowing | ||||||
| Dewey Decimal Classification | Baccah | Central Library | Central Library | Lower Floor | 22/10/2015 | Purchase | 1 | 001.42 HES | 000031104 | 15/07/2025 | Book - Borrowing | 17/12/2018 | ||||
| Dewey Decimal Classification | Baccah | Central Library | Central Library | Lower Floor | 22/10/2015 | Purchase | 001.42 HES | 000031105 | 15/07/2025 | Book - Borrowing |